La foresterie urbaine: les arbres dans les places et jardins publics de la ville de Lokossa (Record no. 46602)

MARC details
000 -LEADER
fixed length control field 00570nam a22001817a 4500
003 - CONTROL NUMBER IDENTIFIER
control field 0
005 - DATE AND TIME OF LATEST TRANSACTION
control field 20160609165231.0
008 - FIXED-LENGTH DATA ELEMENTS--GENERAL INFORMATION
fixed length control field 091204t xxu||||| |||| 00| 0 eng d
037 ## - SOURCE OF ACQUISITION
Stock number M15350
Source of stock number/acquisition BIBLIO EPAC
040 ## - SOURCE DU CATALOGAGE
Original cataloging agency BIBLIO EPAC
Language of cataloging F
Transcribing agency EPAC
082 ## - DEWEY DECIMAL CLASSIFICATION NUMBER
Classification number 27.APE/ASS
100 ## - VEDETTE PRINCIPALE - NOM DE PERSONNE
Personal name Marlène Fridoline K. ASSOGBA
9 (RLIN) 2405
245 ## - TITLE STATEMENT
Title La foresterie urbaine: les arbres dans les places et jardins publics de la ville de Lokossa
260 ## - PUBLICATION, DISTRIBUTION, ETC. (IMPRINT)
Place of publication, distribution, etc UAC/EPAC
Name of publisher, distributor, etc BIBLIO-EPAC
Date of publication, distribution, etc 2007-2008
300 ## - PHYSICAL DESCRIPTION
Extent I-38p
Dimensions 29cm
650 ## - SUBJECT ADDED ENTRY--TOPICAL TERM
Topical term or geographic name as entry element AMENAGEMENT PROTECTION ENVIRONNMENT
9 (RLIN) 2406
942 ## - ADDED ENTRY ELEMENTS (KOHA)
Koha item type Thèse et Memoire
Holdings
Withdrawn status Lost status Damaged status Not for loan Location (home branch) Sublocation or collection (holding branch) Date acquired Source of acquisition Koha issues (times borrowed) Koha full call number Piece designation (barcode) Koha date last seen Price effective from Koha item type Public note
        Bibliothèque Ecole Polytechnique d'Abomey-Calavi Bibliothèque Ecole Polytechnique d'Abomey-Calavi 04/12/2009 Don   27.APE/ASS M15350 04/12/2009 04/12/2009 Thèse et Memoire 3 Exemplaires dont un exclu du prêt


© 2008, Bibliothèques de l'Université d'Abomey-Calavi

04 BP 789 Cotonou, Tél. : +229 21 36 01 01, Fax : +229 21 35 06 32

Courriel : bu@bu.uac.bj